El Desarrollo : (Registro nro. 8687)

Detalles MARC
000 -LEADER
fixed length control field 01180nam a2200229Ia 4500
003 - CONTROL NUMBER IDENTIFIER
control field OSt
005 - DATE AND TIME OF LATEST TRANSACTION
control field 20211029155150.0
008 - FIXED-LENGTH DATA ELEMENTS--GENERAL INFORMATION
fixed length control field 210310s2013 ck fr 000 0 spa d
020 ## - INTERNATIONAL STANDARD BOOK NUMBER
International Standard Book Number 9789588642345
040 ## - CATALOGING SOURCE
Original cataloging agency CO-JMCR
Transcribing agency CO-JMCR
041 0# - LANGUAGE CODE
Language code of text/sound track or separate title spa
082 04 - DEWEY DECIMAL CLASSIFICATION NUMBER
Classification number 338.9861 /
Item number D852d
Edition number 23
100 1# - MAIN ENTRY--PERSONAL NAME
Personal name Dueña Gómez, Luis Hair,
9 (RLIN) 17992
Relator term autor
245 30 - TITLE STATEMENT
Title El Desarrollo :
Remainder of title de la economía al territorio /
Statement of responsibility, etc. Luis Hair Dueña Gómez
260 ## - PUBLICATION, DISTRIBUTION, ETC.
Place of publication, distribution, etc. Bogotá :
Name of publisher, distributor, etc. Universidad de Boyacá :
Date of publication, distribution, etc. 2013
300 ## - PHYSICAL DESCRIPTION
Extent 89 páginas ;
Dimensions 29 cm.
504 ## - BIBLIOGRAPHY, ETC. NOTE
Bibliography, etc. note Bibliografía: páginas 74-88
505 0# - FORMATTED CONTENTS NOTE
Formatted contents note El problema del desarrollo -- La situación actual -- La globalización -- La descentralización -- Las Críticas al modelo neoliberal -- Los nuevos enfoques -- El desarrollo y el ser humano -- El desarrollo con justicia distributiva -- El desarrollo a escala humana -- El desarrollo humano -- El neo-estructuralismo -- El desarrollo sostenible -- El pos-estructuralismo -- El desarrollo económico local -- <br/>La importancia del territorio
651 #4 - SUBJECT ADDED ENTRY--GEOGRAPHIC NAME
Geographic name Boyacá (Colombia)
General subdivision Condiciones económicas
9 (RLIN) 41352
651 #4 - SUBJECT ADDED ENTRY--GEOGRAPHIC NAME
Geographic name Boyacá (Colombia)
General subdivision Política económica
9 (RLIN) 41353
942 ## - ADDED ENTRY ELEMENTS (KOHA)
Source of classification or shelving scheme Dewey Decimal Classification
Koha item type Books
Existencias
Withdrawn status Lost status Source of classification or shelving scheme Damaged status Not for loan Collection code Home library Current library Date acquired Source of acquisition Full call number Barcode Date last seen Copy number Koha item type
    Dewey Decimal Classification     Non-fiction Biblioteca Pública José María del Castillo y Rada Biblioteca Pública José María del Castillo y Rada 04/15/2018 Donación 338.9861 / D852d 430005087 05/16/2024 Ej.1 Books